000 01423nam a22002777a 4500
999 _c314573
_d314573
001 28210
003 UA-OsUOA
005 20230504161219.0
007 ta
008 20040929b un ||||| |||| 00| 0 ukr d
020 _a9666422034
040 _aUA-OsUOA
_bukr
_cUA-OsUOA
_dUA-OsUOA
041 _aukr
044 _aUA
080 _a327(075.8)
090 _a327(075.8)
_bШ48
100 _aШепєлєв М. А.
245 _aТеорія міжнародних відносин
_bпідручник
260 _aКиїв
_bВища школа
_c2004
300 _a622 с.
520 3 _aПідручник містить аналіз теорстико-мстодологічних засад, перед­умов формування і процесу розвитку науки про міжнародні відно­сини, сутності принципів функціонування, основних тенденцій і за­ кономірностей розвитку міжнародних відносин. Значну увагу приді­лено геополітичному та цивілізаційному вимірам міжнародних від­носин, проблемам міжнародних конфліктів і безпеки.
650 7 _2UDC
942 _cBK
_2udc
955 _a2